All in order : Storage solutions for every room in the house
Uložené v:
| Médium: | Kniha |
|---|---|
| Jazyk: | English Spanish |
| Vydavateľské údaje: |
Barcelona :
Monsa,
2008
|
| Tagy: |
Žiadne tagy, Buďte prvý, kto otaguje tento záznam!
|
MARC
| LEADER | 00000nam a22000003a 4500 | ||
|---|---|---|---|
| 001 | stu246403 | ||
| 005 | 20150408182949.5 | ||
| 008 | 120511s2008----sp------------------eng-d | ||
| 020 | |a 978-84-96823-40-2 | ||
| 040 | |a STU |b slo | ||
| 041 | 0 | |a eng |a spa | |
| 044 | |a sp | ||
| 245 | |a All in order : |b Storage solutions for every room in the house | ||
| 260 | |a Barcelona : |b Monsa, |c 2008 | ||
| 300 | |a 255 s | ||
| 996 | |b 284V032258 |c V*51439/O-22949 |l VVT |s A |a 24 |w stu246403_0001 | ||